| 000 | 01244nam a2200313 c 4500 | ||
|---|---|---|---|
| 003 | BLK | ||
| 005 | 20250116162155.0 | ||
| 008 | 180411b bul|||||r ||||||| ||bul|| | ||
| 010 | _aKNG00194998000 | ||
| 040 | _aBLK | ||
| 041 |
_aBUL _cBUL |
||
| 080 |
_aЗлокачествени епителиални тумори. Рак. Карцином. - Плоскоклетъчен рак, цилиндрома, карциносарком и др. _b616-006.6 _x-084 _z616-006.6-084 |
||
| 100 | 1 |
_aМаноилов, Кирил Петров _9287339 |
|
| 139 |
_aМаноилов, Кирил П. _bМ 27 |
||
| 245 | 1 | 0 |
_aОсем крачки към победата над рака _bНауч.-попул. очерк _cКирил П. Маноилов. |
| 257 | _aBGR | ||
| 260 |
_аСофия _bМедицина и физкултура _c1984 |
||
| 300 |
_a144 с. _c17 см |
||
| 380 | _a61 | ||
| 490 | 1 | _aЛекарят ви съветва | |
| 500 | _a50 105 тир. | ||
| 650 | 4 |
_aРак - профилактика _9318933 |
|
| 852 | _aЦб І 21307 | ||
| 856 | 4 |
_qpdf _u |
|
| 856 | 4 |
_qpdf _u |
|
| 942 |
_cKNG _n0 _01 |
||
| 944 |
_aCR _c02.11.2016 _k30530 _lМинев Младен |
||
| 944 |
_aED _c02.11.2016 _kПравда_Бадева |
||
| 999 |
_c186004 _d186004 |
||